00320nam a2200109Ia 4500008004100000245007500041260004900116260000900165300001000174500001000184650001600194170224s9999 xx 000 0 und d aFuture events are far away: Exploring the distance-on-distance effect. bJournal of Personality and Social Psychology c2014 a106:4 aApril xPsychology.